000 00693nam a2200277Ia 4500
005 20260324134843.0
008 008 260324s9999 xx 000 0 eng d
020 _a9780203186275
037 _aEBOOK
040 _aCRL
040 _beng
040 _cCRL
041 _2eng
041 _aeng
084 _qCRL
100 _aDr Gill Allwood; Dr Khursheed Wadia; Gill Allwood; Khursheed Wadia
_91198411
245 0 _aWomen and Politics in France 1958-2000
260 _bTaylor and Francis
260 _c2001
365 _a
365 _b230
856 _uhttp://www.taylorfrancis.com/books/9780203186275
942 _cEBOOK
999 _c1798888
_d1798888